000 01035cam a22003017a 4500
003 CHAP
005 20220329141347.0
008 971013s1987 r 00010 d
010 _a67013
011 _a67985
035 _a77457
040 _cCHAP
090 _aFolleto 12115
100 0 0 _aAmador, M.
_95088
245 0 _aEstudio de la competencia en diferentes estadios de selección en la caña de azúcar (Saccharum sp. hibridos)
260 _a[La Habana] :
_bInstituto Superior de Ciencias Agropecuarias de La Habana,
_c[1987]
300 _a18 p.
590 _aBATCH-UPD
_b10
_c20130110
_lUCH01
_h0314
590 _aBATCH-UPD
_b10
_c20130409
_lUCH01
_h2347
590 _aBATCH-UPD
_b10
_c20130914
_lUCH01
_h0836
590 _aCONVERSION
_b10
_c20130109
_lUCH01
_h1337
650 1 4 _aCaña de azúcar
_xGenética.
_918608
700 0 _aGálvez, G.
_948362
901 _aBK
942 _cFOLL
949 _aFolleto 12115
_bBC
_cFOLL
_d-30326
_eTS1
_i77457
_mD
_si
949 _aFolleto 12115
_bBC
_cFOLL
_d774572
_eTS2
_fc.2
_i77457
_kDonacØn
_sb
999 _c67013
_d67013